| 000 | 00607nam a2200169 a 4500 | ||
|---|---|---|---|
| 005 | 20140412111351.0 | ||
| 008 | 050422s19uu xx 00 eng d | ||
| 050 |
_aTR(GS 507 _bK79 1994 |
||
| 100 | _aKovalik, Susan J. | ||
| 245 |
_aKid's eye view of science / _cby Susan J. Kovalik and Karen D. Olsen. |
||
| 260 |
_aKent, WA : _bCenter for the future of Public Education, _c1994. |
||
| 300 | _a207 p. | ||
| 520 | _aA Teacher's Handbook for implementing an intergrated thematic approach to teaching science, K-6 | ||
| 650 |
_aScience _xStudy and teaching |
||
| 650 |
_aScience _xHandbook |
||
| 999 |
_c105319 _d105319 |
||